[Event "Primorsko op"]
[Site "Primorsko"]
[Date "2018.09.18"]
[Round "3"]
[White "Tsenkov, Tsenko"]
[Black "Vasileva, Cveta"]
[Result "1/2-1/2"]
[WhiteElo "1490"]
[BlackElo "1594"]
[PlyCount "79"]
[EventDate "2018.09.16"]
[EventType "swiss"]
[EventRounds "9"]
[EventCountry "BUL"]
[SourceTitle "CBM 186 Extra"]
[Source "ChessBase"]
[SourceDate "2018.08.24"]
[SourceVersion "1"]
[SourceVersionDate "2018.08.24"]
[SourceQuality "1"]

1. e4 e5 2. Nf3 Nc6 3. Bc4 Bc5 4. b4 Bxb4 5. c3 Ba5 6. Qb3 Nh6 7. d4 0-0 8. Bxh6 gxh6 9. dxe5 Qe7 10. 0-0 Nxe5 11. Nxe5 Qxe5 12. Re1 d6 13. Re3 Be6 14. Nd2 Bb6 15. Rg3+ Kh8 16. Re1 c6 17. Re2 Rae8 18. Bxe6 fxe6 19. Nc4 Qf4 20. Qb2 Bc5 21. Na5 Qe5 22. Nb3 Bb6 23. Qd2 Rf6 24. Rh3 h5 25. Nd4 Rg8 26. Qd3 Qf4 27. Qd2 Qg5 28. Qxg5 Rxg5 29. Rf3 Rfg6 30. g3 Kg7 31. h4 Rg4 32. Kh2 Rf6 33. Kg2 a6 34. a4 Bxd4 35. cxd4 b5 36. axb5 axb5 37. Rc3 e5 38. f3 exd4 39. Rxc6 Rgg6 40. Rd2 1/2-1/2

[Event "Sofia MGU op 199th"]
[Site "Sofia"]
[Date "2017.12.24"]
[Round "5"]
[White "Simeonov, Daniel"]
[Black "Tsenkov, Tsenko"]
[Result "1-0"]
[WhiteElo "1576"]
[BlackElo "1490"]
[PlyCount "103"]
[EventDate "2017.12.23"]
[EventType "swiss"]
[EventRounds "6"]
[EventCountry "BUL"]
[SourceTitle "CBM 182 Extra"]
[Source "ChessBase"]
[SourceDate "2018.02.23"]
[SourceVersion "1"]
[SourceVersionDate "2018.02.23"]
[SourceQuality "1"]

1. d4 d5 2. c4 g6 3. Nf3 Bg7 4. Nc3 e6 5. e3 Ne7 6. Bd3 0-0 7. 0-0 Nbc6 8. a3 b6 9. b4 Bb7 10. Rb1 dxc4 11. Bxc4 Nf5 12. Be2 Nce7 13. b5 Bf6 14. a4 Nh4 15. Ba3 Re8 16. Rc1 Nxf3+ 17. Bxf3 Bxf3 18. Qxf3 Bg7 19. Na2 Qd5 20. Qe2 Rac8 21. Rc2 Qb3 22. Bxe7 Rxe7 23. Qc4 Qa3 24. Nb4 a5 25. Nc6 Rd7 26. Rfc1 Qf8 27. Qe2 Qd6 28. f4 Bf8 29. Ne5 Re7 30. Rc6 Qd8 31. h4 f6 32. Nc4 Re8 33. h5 Bb4 34. Qg4 Kf7 35. Rd1 Qd5 36. hxg6+ hxg6 37. Qf3 Qxf3 38. gxf3 Rh8 39. Kg2 Ke7 40. Rh1 Rxh1 41. Kxh1 Kd7 42. Kg2 Be1 43. Kf1 Bh4 44. Ke2 g5 45. fxg5 Bxg5 46. f4 Bh6 47. Kd3 Rg8 48. Nd2 f5 49. d5 Rg6 50. Nf3 Bg7 51. Ng5 Rf6 52. Nxe6 1-0

[Event "Sofia MGU op 178th"]
[Site "Sofia"]
[Date "2017.01.07"]
[Round "2"]
[White "Tsyntsarski, Boyko"]
[Black "Tsenkov, Tsenko"]
[Result "1-0"]
[WhiteElo "1636"]
[BlackElo "1540"]
[PlyCount "69"]
[EventDate "2017.01.07"]
[EventType "swiss"]
[EventRounds "6"]
[EventCountry "BUL"]
[SourceTitle "CBM 176 Extra"]
[Source "ChessBase"]
[SourceDate "2017.03.02"]
[SourceVersion "1"]
[SourceVersionDate "2017.03.02"]
[SourceQuality "1"]

1. d4 d5 2. c4 e6 3. cxd5 exd5 4. Nc3 Nf6 5. Bg5 c6 6. e3 Be7 7. Bd3 Be6 8. Nge2 0-0 9. Nf4 Nbd7 10. Nxe6 fxe6 11. Qc2 h6 12. Bh4 e5 13. Bxf6 Bxf6 14. dxe5 Nxe5 15. Bh7+ Kh8 16. 0-0 Qe8 17. Bf5 Bh4 18. Rad1 Qf7 19. e4 g6 20. Bh3 dxe4 21. Nxe4 Be7 22. f4 Rad8 23. fxe5 Rxd1 24. Qxd1 Qc4 25. Rxf8+ Bxf8 26. Nd6 Qc5+ 27. Kf1 Kg7 28. Ne8+ Kh8 29. Nd6 Kh7 30. Ne8 Kh8 31. e6 Qe7 32. Qd7 Qg5 33. Qd4+ Kh7 34. Nf6+ Kh8 35. Ne4+ 1-0

[Event "Albena Vivacom op"]
[Site "Albena"]
[Date "2015.09.16"]
[Round "3"]
[White "Tsenkov, Tsenko"]
[Black "Anev, Asen"]
[Result "0-1"]
[WhiteElo "1624"]
[BlackElo "1958"]
[PlyCount "66"]
[EventDate "2015.09.14"]
[EventType "swiss"]
[EventRounds "9"]
[EventCountry "BUL"]
[SourceTitle "EXT 2016"]
[Source "ChessBase"]
[SourceDate "2015.10.08"]
[SourceVersion "1"]
[SourceVersionDate "2015.10.08"]
[SourceQuality "1"]

1. e4 c5 2. Nf3 Nc6 3. d4 cxd4 4. Nxd4 e5 5. Nxc6 bxc6 6. Bc4 Nf6 7. Nc3 Bb4 8. Qf3 d5 9. exd5 cxd5 10. 0-0 Bxc3 11. Bb5+ Bd7 12. Bxd7+ Qxd7 13. Qxc3 Qd6 14. Re1 Nd7 15. Bf4 f6 16. Red1 0-0 17. Bc1 Rfc8 18. Qb3 Nb6 19. c3 Nc4 20. Qc2 Rc7 21. b3 Nb6 22. Rd3 Rb8 23. Rh3 g6 24. Bd2 Rd7 25. Rd3 Qc7 26. h4 e4 27. Rd4 Qe5 28. c4 dxc4 29. Rxd7 Nxd7 30. Qd1 cxb3 31. axb3 Qd5 32. Be3 Qxb3 33. Qxb3+ Rxb3 0-1

[Event "Kesarovski Georgiev Memorial-B 12th"]
[Site "Sunny Beach"]
[Date "2013.09.03"]
[Round "4"]
[White "Dimov, Danail"]
[Black "Tsenkov, Tsenko"]
[Result "1/2-1/2"]
[WhiteElo "1905"]
[BlackElo "1689"]
[PlyCount "78"]
[EventDate "2013.08.31"]
[EventType "swiss"]
[EventRounds "9"]
[EventCountry "BUL"]
[SourceTitle "CBM 156 Extra"]
[Source "ChessBase"]
[SourceDate "2013.10.22"]
[SourceVersion "1"]
[SourceVersionDate "2013.10.22"]
[SourceQuality "1"]

1. Nf3 e6 2. g3 b6 3. Bg2 Bb7 4. 0-0 Be7 5. d4 h6 6. c4 Nf6 7. Nc3 Ne4 8. Qc2 Nxc3 9. Qxc3 Bf6 10. Qc2 0-0 11. Ng5 hxg5 12. Bxb7 Nc6 13. Bxa8 Qxa8 14. e3 Bxd4 15. f4 Bf6 16. Bd2 gxf4 17. gxf4 Ne7 18. Rf2 Nf5 19. Raf1 Nh4 20. b3 g6 21. h3 Kg7 22. Bc3 Qd8 23. Qb2 Rh8 24. Bxf6+ Qxf6 25. Qxf6+ Kxf6 26. e4 c5 27. Rd2 Ke7 28. Kf2 f5 29. e5 Rc8 30. Rfd1 Rd8 31. Kg3 g5 32. fxg5 Ng6 33. Re1 Rh8 34. Red1 f4+ 35. Kg2 Nxe5 36. Rh1 Rh4 37. Rf1 Ng6 38. Rfd1 Ne5 39. Rf1 Ng6 1/2-1/2

[Event "Kesarovski Georgiev Memorial-B 12th"]
[Site "Sunny Beach"]
[Date "2013.09.01"]
[Round "2"]
[White "Dimov, Dian"]
[Black "Tsenkov, Tsenko"]
[Result "1-0"]
[WhiteElo "2289"]
[BlackElo "1689"]
[PlyCount "51"]
[EventDate "2013.08.31"]
[EventType "swiss"]
[EventRounds "9"]
[EventCountry "BUL"]
[SourceTitle "CBM 156 Extra"]
[Source "ChessBase"]
[SourceDate "2013.10.22"]
[SourceVersion "1"]
[SourceVersionDate "2013.10.22"]
[SourceQuality "1"]

1. e4 e5 2. f4 exf4 3. Nf3 Be7 4. Bc4 Bh4+ 5. Kf1 d6 6. d4 Bg5 7. Nxg5 Qxg5 8. Qf3 Qg4 9. Bxf4 Qxf3+ 10. gxf3 h6 11. h4 Nf6 12. Rg1 b6 13. Be3 Nfd7 14. Nc3 c6 15. a4 f6 16. Be6 Ke7 17. Bg4 g6 18. Bh5 gxh5 19. Rg7+ Ke8 20. Rd1 Ba6+ 21. Kf2 Bc4 22. e5 Kf8 23. b3 Be6 24. exd6 Kxg7 25. Ne4 Rg8 26. Rg1+ 1-0